Избранное: в 2 кн.; пер. с чеш.

Podrobná bibliografie
Hlavní autor: Фучик Ю. Юлиус
Jazyk:ruština
Vydáno: Москва, Изд-во политической лит-ры, 1983
Médium: MixedMaterials Kniha
KOHA link:https://koha.lib.tpu.ru/cgi-bin/koha/opac-detail.pl?biblionumber=359703

MARC

LEADER 00000nam1a2200000 4500
001 359703
005 20231102011219.0
035 |a (RuTPU)RU\TPU\retro\16983 
090 |a 359703 
100 |a 20201202d1983 m y0rusy50 ca 
101 1 |a rus  |c cze 
102 |a RU 
200 1 |a Избранное  |e в 2 кн.  |e пер. с чеш.  |f Ю. Фучик 
210 |a Москва  |c Изд-во политической лит-ры  |d 1983 
675 |a 89Д  |v 4 
700 1 |a Фучик  |b Ю.  |c чешский журналист  |f 1903-1943  |g Юлиус  |2 stltpush  |3 (RuTPU)RU\TPU\pers\29671  |4 070  |9 14184 
801 1 |a RU  |b 63413507  |c 20201202 
942 |c BK